[Event "ARM-ch 1st League 72nd"]
[Site "Kajaran"]
[Date "2011.08.27"]
[Round "9"]
[White "Petrosyan, Tigran S"]
[Black "Mkrtchian, Lilit"]
[Result "0-1"]
[WhiteElo "2244"]
[BlackElo "2463"]
[PlyCount "80"]
[EventDate "2011.08.18"]
[EventType "tourn"]
[EventRounds "13"]
[EventCountry "ARM"]
[EventCategory "7"]
[SourceTitle "CBM 144 Extra"]
[Source "ChessBase"]
[SourceDate "2011.10.28"]
[SourceVersion "1"]
[SourceVersionDate "2011.10.28"]
[SourceQuality "1"]

1. Nf3 c5 2. c4 Nc6 3. Nc3 Nf6 4. e3 e6 5. d4 d5 6. a3 cxd4 7. exd4 g6 8. c5
Bg7 9. Bb5 Ne4 10. Qd3 Bd7 11. O-O a6 12. Ba4 O-O 13. Bc2 f5 14. Ne2 g5 15. Nd2
Nxd4 16. Nxd4 Nxc5 17. Qe3 f4 18. Qh3 h6 19. N2b3 Rc8 20. Nxc5 Rxc5 21. Qd3 Qf6
22. Nb3 Rc7 23. Bd2 Bb5 24. Qh7+ Kf7 25. Rfc1 Rfc8 26. Bc3 Rxc3 27. bxc3 Rh8
28. Qg6+ Qxg6 29. Bxg6+ Kxg6 30. Nc5 Rc8 31. Nxe6 Bxc3 32. Ra2 Bd3 33. a4 Bf5
34. Ra3 d4 35. Nxd4 Bxd4 36. Rxc8 Bxc8 37. Rd3 Bf6 38. Rd6 Bf5 39. h3 Be4 40.
Rb6 Bc6 0-1

[Event "ARM-ch 1st League 72nd"]
[Site "Kajaran"]
[Date "2011.08.28"]
[Round "10"]
[White "Aghasaryan, Robert"]
[Black "Petrosyan, Tigran S"]
[Result "1/2-1/2"]
[WhiteElo "2337"]
[BlackElo "2244"]
[PlyCount "36"]
[EventDate "2011.08.18"]
[EventType "tourn"]
[EventRounds "13"]
[EventCountry "ARM"]
[EventCategory "7"]
[SourceTitle "CBM 144 Extra"]
[Source "ChessBase"]
[SourceDate "2011.10.28"]
[SourceVersion "1"]
[SourceVersionDate "2011.10.28"]
[SourceQuality "1"]

1. d4 Nf6 2. c4 e6 3. Nc3 Bb4 4. Qc2 d5 5. a3 Bxc3+ 6. Qxc3 Ne4 7. Qc2 c5 8.
dxc5 Nc6 9. Nf3 Qa5+ 10. Nd2 Nd4 11. Qd1 Nxc5 12. b4 Qa4 13. Qxa4+ Nxa4 14. Ra2
Nc3 15. Rb2 Na4 16. Rb1 Nc3 17. Rb2 Na4 18. Ra2 Nc3 1/2-1/2

[Event "ARM-ch 1st League 72nd"]
[Site "Kajaran"]
[Date "2011.08.29"]
[Round "11"]
[White "Petrosyan, Tigran S"]
[Black "Gabuzyan, Hovhannes"]
[Result "1/2-1/2"]
[WhiteElo "2244"]
[BlackElo "2404"]
[PlyCount "52"]
[EventDate "2011.08.18"]
[EventType "tourn"]
[EventRounds "13"]
[EventCountry "ARM"]
[EventCategory "7"]
[SourceTitle "CBM 144 Extra"]
[Source "ChessBase"]
[SourceDate "2011.10.28"]
[SourceVersion "1"]
[SourceVersionDate "2011.10.28"]
[SourceQuality "1"]

1. d4 d5 2. c4 c6 3. Nf3 Nf6 4. Nc3 e6 5. Bg5 dxc4 6. e4 b5 7. e5 h6 8. Bh4 g5
9. Nxg5 hxg5 10. Bxg5 Nbd7 11. g3 Qa5 12. exf6 b4 13. Ne4 Ba6 14. b3 O-O-O 15.
Bxc4 Bxc4 16. bxc4 Nc5 17. Nxc5 Bxc5 18. Be3 Bxd4 19. Bxd4 Qf5 20. f3 c5 21.
O-O Rxd4 22. Qa4 Rd2 23. Qxa7 Rhxh2 24. Qa8+ Kc7 25. Qa7+ Kc8 26. Qa8+ Kc7
1/2-1/2

[Event "ARM-ch 1st League 72nd"]
[Site "Kajaran"]
[Date "2011.08.30"]
[Round "12"]
[White "Simonian, Hrair"]
[Black "Petrosyan, Tigran S"]
[Result "1-0"]
[WhiteElo "2461"]
[BlackElo "2244"]
[PlyCount "73"]
[EventDate "2011.08.18"]
[EventType "tourn"]
[EventRounds "13"]
[EventCountry "ARM"]
[EventCategory "7"]
[SourceTitle "CBM 144 Extra"]
[Source "ChessBase"]
[SourceDate "2011.10.28"]
[SourceVersion "1"]
[SourceVersionDate "2011.10.28"]
[SourceQuality "1"]

1. e4 e5 2. Nf3 Nc6 3. Bb5 a6 4. Ba4 Nf6 5. O-O Be7 6. Bxc6 dxc6 7. d3 Nd7 8.
Nbd2 O-O 9. Nc4 f6 10. Nh4 Nc5 11. Nf5 Bxf5 12. exf5 Qd5 13. Qg4 Rfe8 14. Nd2
Bf8 15. f3 Qd4+ 16. Qxd4 exd4 17. Ne4 Nxe4 18. fxe4 Bd6 19. g4 c5 20. b3 b5 21.
Bb2 Be5 22. Ba3 c4 23. Bc5 Rab8 24. Rab1 Kf7 25. h4 c6 26. bxc4 bxc4 27. Ba7
Ra8 28. Rb7+ Re7 29. Rxe7+ Kxe7 30. Bc5+ Kd7 31. Rb1 cxd3 32. cxd3 Kc7 33. Kf2
Rb8 34. Rxb8 Kxb8 35. Bf8 Kc7 36. Bxg7 Kd6 37. g5 1-0

[Event "ARM-ch 1st League 72nd"]
[Site "Kajaran"]
[Date "2011.08.31"]
[Round "13"]
[White "Petrosyan, Tigran S"]
[Black "Chibukhchian, Artur"]
[Result "1-0"]
[WhiteElo "2244"]
[BlackElo "2498"]
[PlyCount "93"]
[EventDate "2011.08.18"]
[EventType "tourn"]
[EventRounds "13"]
[EventCountry "ARM"]
[EventCategory "7"]
[SourceTitle "CBM 144 Extra"]
[Source "ChessBase"]
[SourceDate "2011.10.28"]
[SourceVersion "1"]
[SourceVersionDate "2011.10.28"]
[SourceQuality "1"]

1. Nf3 g6 2. d4 Bg7 3. c4 d6 4. g3 Nd7 5. Bg2 e5 6. Nc3 Ne7 7. O-O O-O 8. e4
exd4 9. Nxd4 Nc6 10. Nde2 Nce5 11. b3 Nc5 12. h3 a5 13. Be3 c6 14. Nd4 Re8 15.
Qc2 a4 16. Rab1 axb3 17. axb3 Qe7 18. f4 Ned7 19. Rfe1 Nf6 20. Bf2 Qc7 21. b4
Ne6 22. Nb3 h5 23. c5 dxc5 24. e5 Nh7 25. bxc5 h4 26. Ne4 hxg3 27. Bxg3 Nef8
28. Nd6 Re7 29. Nd2 Ra3 30. Bf2 Bxh3 31. Rxb7 Qxb7 32. Nxb7 Bxg2 33. Kxg2 Rxb7
34. Rb1 Rxb1 35. Nxb1 Ra8 36. Qe4 Ne6 37. Qxc6 Rb8 38. Qe4 g5 39. f5 Nf4+ 40.
Kh1 Bxe5 41. Qxe5 Rxb1+ 42. Kh2 Rc1 43. Qb2 Rc4 44. Qb3 Re4 45. c6 Re8 46. c7
Nf6 47. Qb8 1-0

[Event "Lvov Vasylyshyn Memorial IM 8th"]
[Site "Lvov"]
[Date "2011.11.30"]
[Round "2"]
[White "Petrosyan, Tigran S"]
[Black "Yildiz Kadioglu, Betul Cemre"]
[Result "0-1"]
[WhiteElo "2255"]
[BlackElo "2297"]
[PlyCount "84"]
[EventDate "2011.11.29"]
[EventType "tourn"]
[EventRounds "9"]
[EventCountry "UKR"]
[SourceTitle "CBM 145 Extra"]
[Source "ChessBase"]
[SourceDate "2012.01.03"]
[SourceVersion "1"]
[SourceVersionDate "2012.01.03"]
[SourceQuality "1"]

1. Nf3 d5 2. g3 Bg4 3. Bg2 Nd7 4. c4 dxc4 5. Na3 c6 6. Nxc4 Bxf3 7. Bxf3 e5 8.
d4 Bb4+ 9. Bd2 Qe7 10. dxe5 Nxe5 11. Nxe5 Bxd2+ 12. Qxd2 Qxe5 13. O-O-O Nf6 14.
Qb4 Qe7 15. Qc3 O-O 16. Rd4 c5 17. Rd2 Rab8 18. Rhd1 b5 19. Qd3 Qe6 20. Kb1 c4
21. Qd6 Qf5+ 22. Ka1 h6 23. Rd4 Rbd8 24. Qxd8 Rxd8 25. Rxd8+ Kh7 26. h4 h5 27.
R8d4 Qc5 28. Kb1 b4 29. Bd5 Nxd5 30. Rxd5 Qxf2 31. Rxh5+ Kg6 32. Re5 f6 33. Re4
Qf5 34. Rdd4 b3 35. axb3 cxb3 36. Kc1 Qa5 37. Rb4 Qa1+ 38. Kd2 Qxb2+ 39. Ke3
Qc1+ 40. Kf2 b2 41. Rg4+ Kh6 42. Rb8 b1=Q 0-1

[Event "Donetsk Amitan Memorial IM 4th"]
[Site "Donetsk"]
[Date "2011.12.09"]
[Round "2"]
[White "Nemkova, Ljubov"]
[Black "Petrosyan, Tigran S"]
[Result "1/2-1/2"]
[WhiteElo "2182"]
[BlackElo "2255"]
[PlyCount "67"]
[EventDate "2011.12.08"]
[EventType "tourn"]
[EventRounds "9"]
[EventCountry "UKR"]
[EventCategory "2"]
[SourceTitle "CBM 145 Extra"]
[Source "ChessBase"]
[SourceDate "2012.01.03"]
[SourceVersion "1"]
[SourceVersionDate "2012.01.03"]
[SourceQuality "1"]

1. d4 d6 2. e4 Nf6 3. Nc3 g6 4. Nf3 Bg7 5. Bg5 O-O 6. Be2 c6 7. Qd2 Bg4 8. O-O
Nbd7 9. Rad1 Re8 10. Rfe1 Qc7 11. e5 dxe5 12. Nxe5 Bxe2 13. Qxe2 e6 14. Qf3
Nxe5 15. dxe5 Nd5 16. Ne4 h6 17. Nf6+ Nxf6 18. Bxf6 Bxf6 19. Qxf6 Rad8 20. g3
Rd7 21. Qf4 Red8 22. Rxd7 Qxd7 23. Qxh6 Qd2 24. Qxd2 Rxd2 25. Rc1 Re2 26. f4 a5
27. a4 Kg7 28. b3 Rd2 29. c4 Rd3 30. Rb1 c5 31. Rb2 Kh6 32. Kg2 b6 33. h3 Kh5
34. Kf2 1/2-1/2

[Event "Donetsk Amitan Memorial IM 4th"]
[Site "Donetsk"]
[Date "2011.12.10"]
[Round "3"]
[White "Petrosyan, Tigran S"]
[Black "Zajarnyi, Anatolyi"]
[Result "1-0"]
[WhiteElo "2255"]
[BlackElo "2333"]
[PlyCount "85"]
[EventDate "2011.12.08"]
[EventType "tourn"]
[EventRounds "9"]
[EventCountry "UKR"]
[EventCategory "2"]
[SourceTitle "CBM 145 Extra"]
[Source "ChessBase"]
[SourceDate "2012.01.03"]
[SourceVersion "1"]
[SourceVersionDate "2012.01.03"]
[SourceQuality "1"]

1. e4 Nc6 2. Nc3 Nf6 3. g3 d5 4. exd5 Nxd5 5. Bg2 Be6 6. Ne4 Bf5 7. d3 e5 8.
Ne2 Qd7 9. N2c3 Bg4 10. Nxd5 Bxd1 11. Ndf6+ gxf6 12. Nxf6+ Ke7 13. Nxd7 Bxc2
14. Nxf8 Rhxf8 15. Kd2 Nd4 16. b3 Rfd8 17. Bb2 Bxd3 18. Kxd3 Nxb3+ 19. Kc2
Nxa1+ 20. Rxa1 c6 21. Bxe5 f6 22. Bc3 Kf7 23. a4 Rd6 24. a5 Re8 25. Bf3 Kg6 26.
Rb1 Re7 27. Rb4 f5 28. Rh4 h6 29. Bd2 Kh7 30. Rh5 Rf7 31. Rxf5 Rxf5 32. Be4 b5
33. Bxf5+ Kg8 34. Bf4 Rf6 35. Bc8 c5 36. a6 Kf7 37. Be3 Rc6 38. Bb7 Rc7 39. Bf4
Re7 40. Bb8 Re2+ 41. Kd3 Rxf2 42. Bxa7 c4+ 43. Kc3 1-0

[Event "Donetsk Amitan Memorial IM 4th"]
[Site "Donetsk"]
[Date "2011.12.11"]
[Round "5"]
[White "Berezin, Oleg"]
[Black "Petrosyan, Tigran S"]
[Result "1/2-1/2"]
[WhiteElo "2419"]
[BlackElo "2255"]
[PlyCount "37"]
[EventDate "2011.12.08"]
[EventType "tourn"]
[EventRounds "9"]
[EventCountry "UKR"]
[EventCategory "2"]
[SourceTitle "CBM 145 Extra"]
[Source "ChessBase"]
[SourceDate "2012.01.03"]
[SourceVersion "1"]
[SourceVersionDate "2012.01.03"]
[SourceQuality "1"]

1. d4 d6 2. Nf3 Bg4 3. c4 Nd7 4. Nc3 g6 5. e4 Bg7 6. Be2 c5 7. d5 Bxc3+ 8. bxc3
Ngf6 9. Qc2 Bxf3 10. Bxf3 Qc7 11. Be2 O-O-O 12. Be3 Rhg8 13. h4 Ne5 14. f3 h5
15. a4 Kb8 16. a5 a6 17. Kd2 Nfd7 18. Rhf1 f6 19. Rh1 1/2-1/2

[Event "Donetsk Amitan Memorial IM 4th"]
[Site "Donetsk"]
[Date "2011.12.11"]
[Round "6"]
[White "Petrosyan, Tigran S"]
[Black "Kononenko, Dmitry1"]
[Result "1/2-1/2"]
[WhiteElo "2255"]
[BlackElo "2313"]
[PlyCount "108"]
[EventDate "2011.12.08"]
[EventType "tourn"]
[EventRounds "9"]
[EventCountry "UKR"]
[EventCategory "2"]
[SourceTitle "CBM 145 Extra"]
[Source "ChessBase"]
[SourceDate "2012.01.03"]
[SourceVersion "1"]
[SourceVersionDate "2012.01.03"]
[SourceQuality "1"]

1. d4 d5 2. c4 c6 3. e3 Nf6 4. Nc3 Nbd7 5. cxd5 cxd5 6. Nf3 e6 7. Bd3 Be7 8.
O-O O-O 9. Bd2 a6 10. a4 b6 11. Qb3 Bb7 12. Ne2 Ne4 13. Bb4 Bxb4 14. Qxb4 a5
15. Qb3 Nb8 16. Nc3 Na6 17. Bxe4 dxe4 18. Nd2 Bd5 19. Qd1 f5 20. f3 exf3 21.
Nxf3 Nb4 22. Ne5 Rc8 23. Rc1 Qe7 24. Qe2 Bb7 25. Nf3 Nd5 26. Qd2 Qb4 27. Nxd5
Bxd5 28. Qxb4 axb4 29. Ne5 Rfd8 30. Rfe1 b3 31. Nd3 Rc2 32. Rxc2 bxc2 33. Kf2
Ra8 34. Ra1 Be4 35. Nc1 e5 36. Ne2 exd4 37. exd4 f4 38. Nc3 Bc6 39. Rc1 Bxa4
40. Nxa4 Rxa4 41. Rxc2 Rxd4 42. Rc8+ Kf7 43. Rc7+ Kf8 44. Kf3 h6 45. h4 Rb4 46.
b3 Rxb3+ 47. Kxf4 Rb4+ 48. Kf5 h5 49. Kg5 Rg4+ 50. Kxh5 Rxg2 51. Rb7 Rb2 52.
Kg6 Rg2+ 53. Kh5 Rb2 54. Kg6 Rg2+ 1/2-1/2

[Event "Donetsk Amitan Memorial IM 4th"]
[Site "Donetsk"]
[Date "2011.12.13"]
[Round "8"]
[White "Petrosyan, Tigran S"]
[Black "Shilin, Denis"]
[Result "0-1"]
[WhiteElo "2255"]
[BlackElo "2332"]
[PlyCount "90"]
[EventDate "2011.12.08"]
[EventType "tourn"]
[EventRounds "9"]
[EventCountry "UKR"]
[EventCategory "2"]
[SourceTitle "CBM 145 Extra"]
[Source "ChessBase"]
[SourceDate "2012.01.03"]
[SourceVersion "1"]
[SourceVersionDate "2012.01.03"]
[SourceQuality "1"]

1. e4 e5 2. Nf3 Qe7 3. Bc4 g6 4. O-O Bg7 5. d4 d6 6. Nc3 Nf6 7. Re1 O-O 8. h3
c6 9. a4 Nh5 10. Bg5 Qc7 11. Qd2 Re8 12. Rad1 Nd7 13. d5 c5 14. g4 Nf4 15. Bxf4
exf4 16. Qxf4 Ne5 17. Nxe5 Bxe5 18. Qe3 Qb6 19. Ne2 Bg7 20. b3 a6 21. Bd3 Bd7
22. Qd2 Qd8 23. c4 Qh4 24. Qe3 h5 25. gxh5 Re5 26. f4 Rxh5 27. Bc2 Bxh3 28. Qg3
Qe7 29. Kf2 Bf6 30. Kf3 Bh4 31. Qxh3 Bxe1 32. Qg4 Qh4 33. Qxh4 Bxh4 34. Kg4 Kg7
35. Ng1 Rf8 36. Nf3 Bf6 37. Re1 Re8 38. Rb1 Bc3 39. Bd3 Reh8 40. Rc1 Bb2 41.
Re1 f6 42. Rb1 Bc3 43. Rc1 Bd4 44. b4 Rh3 45. Rb1 Bf2 0-1

[Event "Donetsk Amitan Memorial IM 4th"]
[Site "Donetsk"]
[Date "2011.12.14"]
[Round "9"]
[White "Sysoenko, Aleksey"]
[Black "Petrosyan, Tigran S"]
[Result "1/2-1/2"]
[WhiteElo "2244"]
[BlackElo "2255"]
[PlyCount "58"]
[EventDate "2011.12.08"]
[EventType "tourn"]
[EventRounds "9"]
[EventCountry "UKR"]
[EventCategory "2"]
[SourceTitle "CBM 145 Extra"]
[Source "ChessBase"]
[SourceDate "2012.01.03"]
[SourceVersion "1"]
[SourceVersionDate "2012.01.03"]
[SourceQuality "1"]

1. Nf3 d6 2. d4 Bg4 3. e4 Nf6 4. Nc3 e6 5. Be2 d5 6. Bg5 Be7 7. exd5 exd5 8.
Ne5 Bf5 9. Bd3 Bxd3 10. Qxd3 c6 11. O-O O-O 12. Rae1 Nbd7 13. Re2 h6 14. Bh4
Nxe5 15. dxe5 Nd7 16. Bxe7 Qxe7 17. f4 Nc5 18. Qg3 f5 19. exf6 Qxf6 20. f5 Rae8
21. Qf3 Re5 22. Rxe5 Qxe5 23. Qf4 Qxf4 24. Rxf4 Kf7 25. b4 Nd7 26. b5 Nb6 27.
bxc6 bxc6 28. Ne2 c5 29. Ng3 Re8 1/2-1/2

[Event "Jermuk Asrian Memorial 5th"]
[Site "Jermuk"]
[Date "2012.06.20"]
[Round "5"]
[White "Petrosyan, Tigran S"]
[Black "Oparin, Grigoriy"]
[Result "1-0"]
[WhiteElo "2315"]
[BlackElo "2494"]
[PlyCount "93"]
[EventDate "2012.06.16"]
[EventType "swiss"]
[EventRounds "9"]
[EventCountry "ARM"]
[SourceTitle "CBM 149 Extra"]
[Source "ChessBase"]
[SourceDate "2012.08.24"]
[SourceVersion "1"]
[SourceVersionDate "2012.08.24"]
[SourceQuality "1"]

1. d4 Nf6 2. Nf3 d5 3. c4 e6 4. Nc3 Be7 5. g3 O-O 6. Bg2 dxc4 7. Ne5 Nc6 8.
Bxc6 bxc6 9. Nxc6 Qe8 10. Nxe7+ Qxe7 11. Qa4 Bb7 12. O-O c5 13. Qxc4 cxd4 14.
Qxd4 e5 15. Qh4 Qe6 16. e4 Rac8 17. f3 Qb6+ 18. Kg2 h6 19. g4 Rxc3 20. bxc3
Nxe4 21. h3 Nxc3 22. Qe1 Nd5 23. Qxe5 f6 24. Qe1 f5 25. Bd2 fxg4 26. hxg4 Qg6
27. Kh2 h5 28. Qg3 Bc8 29. Qe5 Nf6 30. g5 Re8 31. Qg3 h4 32. Qxh4 Ng4+ 33. fxg4
Re2+ 34. Rf2 Qd6+ 35. Kg1 Re4 36. Bf4 Rxf4 37. Rxf4 Qxf4 38. Rd1 Qe3+ 39. Qf2
Qxg5 40. Qd4 Kh7 41. Qe4+ g6 42. Rd4 Qc1+ 43. Kh2 Qb2+ 44. Kg3 Be6 45. Kh4 Qf2+
46. Kg5 Qf7 47. Qh1+ 1-0

[Event "Jermuk Asrian Memorial 5th"]
[Site "Jermuk"]
[Date "2012.06.21"]
[Round "6"]
[White "Arutinian, David"]
[Black "Petrosyan, Tigran S"]
[Result "1-0"]
[WhiteElo "2561"]
[BlackElo "2315"]
[PlyCount "63"]
[EventDate "2012.06.16"]
[EventType "swiss"]
[EventRounds "9"]
[EventCountry "ARM"]
[SourceTitle "CBM 149 Extra"]
[Source "ChessBase"]
[SourceDate "2012.08.24"]
[SourceVersion "1"]
[SourceVersionDate "2012.08.24"]
[SourceQuality "1"]

1. d4 d5 2. c4 c6 3. Nf3 Nf6 4. e3 g6 5. Nc3 Bg7 6. Be2 O-O 7. O-O b6 8. a4 a5
9. Qb3 e6 10. Bd2 Nbd7 11. Rfd1 Qc7 12. Rac1 Qb8 13. Bd3 Bb7 14. cxd5 exd5 15.
e4 dxe4 16. Nxe4 Nd5 17. Bc4 Re8 18. Nc3 N7f6 19. Ne5 Qd8 20. Bg5 Rc8 21. Ne4
Re6 22. h3 Qe8 23. Nc3 h6 24. Bxf6 Bxf6 25. f4 Rd8 26. Bxd5 cxd5 27. Nb5 Bxe5
28. dxe5 Rc6 29. Nd6 Qd7 30. Rxc6 Qxc6 31. Kh2 d4 32. Qxf7+ 1-0

[Event "Jermuk Asrian Memorial 5th"]
[Site "Jermuk"]
[Date "2012.06.22"]
[Round "7"]
[White "Petrosyan, Tigran S"]
[Black "Simonian, Hrair"]
[Result "1/2-1/2"]
[WhiteElo "2315"]
[BlackElo "2475"]
[PlyCount "62"]
[EventDate "2012.06.16"]
[EventType "swiss"]
[EventRounds "9"]
[EventCountry "ARM"]
[SourceTitle "CBM 149 Extra"]
[Source "ChessBase"]
[SourceDate "2012.08.24"]
[SourceVersion "1"]
[SourceVersionDate "2012.08.24"]
[SourceQuality "1"]

1. Nf3 Nf6 2. c4 c6 3. b3 d5 4. Bb2 Bf5 5. g3 e6 6. Bg2 Nbd7 7. O-O Bd6 8. d4
Be4 9. Nc3 Qb8 10. Nxe4 Nxe4 11. Nd2 Nxd2 12. Qxd2 f5 13. f3 f4 14. e4 fxg3 15.
hxg3 Bxg3 16. e5 O-O 17. f4 Qe8 18. Qe3 Qg6 19. cxd5 cxd5 20. f5 exf5 21. Bxd5+
Kh8 22. Bg2 Rae8 23. Qf3 f4 24. Rac1 Qh6 25. Rfd1 Qb6 26. Qxb7 f3 27. Qxb6 Nxb6
28. Rc3 Bxe5 29. dxe5 fxg2 30. Rcd3 h5 31. Kxg2 Kh7 1/2-1/2

[Event "Wch U18"]
[Site "Maribor"]
[Date "2012.11.08"]
[Round "1.28"]
[White "Petrosyan, Tigran S"]
[Black "Sathyanandha, Saravanan"]
[Result "1-0"]
[WhiteElo "2378"]
[BlackElo "2055"]
[PlyCount "101"]
[EventDate "2012.11.08"]
[EventType "swiss"]
[EventRounds "11"]
[EventCountry "SLO"]
[SourceTitle "EXT 2013"]
[Source "ChessBase"]
[SourceDate "2012.11.22"]
[SourceVersion "1"]
[SourceVersionDate "2012.11.22"]
[SourceQuality "1"]

1. g3 e5 2. c4 Nf6 3. Bg2 c6 4. d4 exd4 5. Qxd4 d5 6. cxd5 cxd5 7. Nf3 Nc6 8.
Qd1 Bc5 9. O-O O-O 10. a3 a5 11. Bg5 Be6 12. Nc3 d4 13. Bxf6 Qxf6 14. Ne4 Qe7
15. Nxc5 Qxc5 16. Qd2 Rad8 17. Rac1 Qb6 18. Ng5 Bf5 19. Ne4 Rfe8 20. Nc5 Bc8
21. Rfe1 h6 22. Nd3 Bf5 23. Nc5 Bc8 24. Rc2 Bf5 25. Nxb7 Bxc2 26. Nxd8 Nxd8 27.
Qxc2 d3 28. Qxd3 Qxb2 29. e3 Ne6 30. Rb1 Qe5 31. Qb5 Nc7 32. Qxe5 Rxe5 33. Rc1
Ne6 34. Rc8+ Kh7 35. Ra8 Rb5 36. Bf1 Rc5 37. a4 Nc7 38. Ra7 g6 39. Kg2 Kg7 40.
Bb5 Nxb5 41. Rxa5 Rc4 42. axb5 Rb4 43. h3 h5 44. Kf3 g5 45. g4 h4 46. b6 Kg6
47. Ra6 f6 48. Ke2 Rb2+ 49. Kd3 Rxf2 50. Kc3 Rf1 51. Ra2 1-0

[Event "Wch U18"]
[Site "Maribor"]
[Date "2012.11.10"]
[Round "3.11"]
[White "Petrosyan, Tigran S"]
[Black "Swiercz, Dariusz"]
[Result "0-1"]
[WhiteElo "2378"]
[BlackElo "2611"]
[PlyCount "70"]
[EventDate "2012.11.08"]
[EventType "swiss"]
[EventRounds "11"]
[EventCountry "SLO"]
[SourceTitle "EXT 2013"]
[Source "ChessBase"]
[SourceDate "2012.11.22"]
[SourceVersion "1"]
[SourceVersionDate "2012.11.22"]
[SourceQuality "1"]

1. e4 c5 2. Nf3 d6 3. d4 cxd4 4. Qxd4 Nc6 5. Bb5 Bd7 6. Bxc6 Bxc6 7. Nc3 h6 8.
Qd3 Nf6 9. Nd4 e6 10. Be3 Be7 11. f3 O-O 12. O-O-O d5 13. e5 Nd7 14. f4 Bb4 15.
Kb1 Nc5 16. Nxc6 bxc6 17. Bxc5 Bxc5 18. h4 Rb8 19. g4 Rb4 20. Ne2 Qa5 21. c3
Ra4 22. Nc1 Rxf4 23. Nb3 Qb6 24. Qg3 Rf2 25. g5 h5 26. g6 a5 27. Nd2 a4 28.
gxf7+ R8xf7 29. Qg6 Be3 30. Qc2 Rxd2 31. Rxd2 Bxd2 32. Qxd2 Rf2 33. Qc1 a3 34.
b3 Rb2+ 35. Ka1 Qf2 0-1

[Event "Wch U18"]
[Site "Maribor"]
[Date "2012.11.11"]
[Round "4.27"]
[White "Fisher, William"]
[Black "Petrosyan, Tigran S"]
[Result "1-0"]
[WhiteElo "2225"]
[BlackElo "2378"]
[PlyCount "93"]
[EventDate "2012.11.08"]
[EventType "swiss"]
[EventRounds "11"]
[EventCountry "SLO"]
[SourceTitle "EXT 2013"]
[Source "ChessBase"]
[SourceDate "2012.11.22"]
[SourceVersion "1"]
[SourceVersionDate "2012.11.22"]
[SourceQuality "1"]

1. d4 d5 2. c4 c6 3. cxd5 cxd5 4. Nc3 Nf6 5. Bf4 Nc6 6. e3 a6 7. Bd3 g6 8. Nf3
Bg7 9. O-O O-O 10. Rb1 Bf5 11. Bxf5 gxf5 12. b4 Rc8 13. Na4 b5 14. Nc5 Ne4 15.
Qd3 a5 16. a3 axb4 17. axb4 e6 18. Rfc1 Na7 19. Ra1 Nxc5 20. bxc5 Qd7 21. Rcb1
Qb7 22. Ra5 b4 23. Ra6 Nc6 24. Rb6 Qd7 25. Qb5 f6 26. Bd6 Rf7 27. Ra1 Bf8 28.
Bxf8 Kxf8 29. Raa6 Nd8 30. Qxb4 Qe8 31. Ne1 Nc6 32. Qa4 Rfc7 33. Nd3 Kf7 34. f3
Nb8 35. Qxe8+ Rxe8 36. Ra4 Nc6 37. Kf2 Ke7 38. Raa6 Rec8 39. Nf4 Kf7 40. Kg3
Nb8 41. Ra8 Nc6 42. Rxc8 Rxc8 43. Kh4 Nd8 44. Kh5 Ke7 45. Kh6 Ra8 46. Kxh7 Ra3
47. h4 1-0

[Event "Wch U18"]
[Site "Maribor"]
[Date "2012.11.12"]
[Round "6.27"]
[White "Patil, Pratik1"]
[Black "Petrosyan, Tigran S"]
[Result "0-1"]
[WhiteElo "2208"]
[BlackElo "2378"]
[PlyCount "72"]
[EventDate "2012.11.08"]
[EventType "swiss"]
[EventRounds "11"]
[EventCountry "SLO"]
[SourceTitle "EXT 2013"]
[Source "ChessBase"]
[SourceDate "2012.11.22"]
[SourceVersion "1"]
[SourceVersionDate "2012.11.22"]
[SourceQuality "1"]

1. e4 c6 2. d4 d5 3. e5 Bf5 4. Be3 e6 5. Nd2 Bg6 6. Ngf3 Ne7 7. Nh4 Nf5 8. Nxf5
Bxf5 9. Be2 Be7 10. O-O O-O 11. f4 Bg6 12. a4 Nd7 13. a5 Rc8 14. c4 dxc4 15.
Nxc4 Nb8 16. Qb3 Qd7 17. Rad1 Na6 18. Bd3 Nb4 19. Bb1 Nd5 20. g4 Bxb1 21. Rxb1
Nxe3 22. Qxe3 c5 23. Rbd1 cxd4 24. Qd3 Qd5 25. b3 f5 26. exf6 Rxf6 27. Rde1
Rcf8 28. Re5 Qd7 29. Qe4 Bd8 30. g5 Rf5 31. h4 Bc7 32. Rxe6 Rxf4 33. Rxf4 Rxf4
34. Qe1 Kf7 35. Ne5+ Bxe5 36. Rxe5 d3 0-1

[Event "Wch U18"]
[Site "Maribor"]
[Date "2012.11.14"]
[Round "7.19"]
[White "Petrosyan, Tigran S"]
[Black "Johansson, Linus"]
[Result "1/2-1/2"]
[WhiteElo "2378"]
[BlackElo "2277"]
[PlyCount "98"]
[EventDate "2012.11.08"]
[EventType "swiss"]
[EventRounds "11"]
[EventCountry "SLO"]
[SourceTitle "EXT 2013"]
[Source "ChessBase"]
[SourceDate "2012.11.22"]
[SourceVersion "1"]
[SourceVersionDate "2012.11.22"]
[SourceQuality "1"]

1. d4 Nf6 2. c4 e6 3. Nc3 Bb4 4. Qc2 d5 5. cxd5 Bxc3+ 6. bxc3 exd5 7. Nf3 O-O
8. e3 Re8 9. Bd3 c5 10. dxc5 Bg4 11. Nd4 Nbd7 12. Ba3 Rc8 13. Nb3 Ne5 14. O-O
Nxd3 15. Qxd3 Re5 16. f3 Be6 17. Nd4 Rh5 18. Rab1 Qc7 19. g3 a6 20. c6 bxc6 21.
Qxa6 c5 22. Nxe6 fxe6 23. Qxe6+ Kh8 24. Qb6 Qe7 25. Rbe1 Re5 26. Bc1 h6 27. a4
Qe8 28. Qb5 Ra8 29. Qxc5 Rxa4 30. Qb6 h5 31. Rd1 h4 32. Rd4 hxg3 33. hxg3 Qg6
34. g4 Ra2 35. Bd2 Re8 36. Qb1 Rc2 37. Rc1 Rxc1+ 38. Qxc1 Ra8 39. c4 Rb8 40.
Kg2 Rb1 41. Qc3 Rd1 42. cxd5 Qb1 43. Kg3 g5 44. Qc4 Qh7 45. f4 Qh4+ 46. Kf3
Qh1+ 47. Kf2 Qg1+ 48. Kf3 Qh1+ 49. Kf2 Qg1+ 1/2-1/2

[Event "Norderstedt op"]
[Site "Norderstedt"]
[Date "2013.03.29"]
[Round "2"]
[White "Jorgensen, Orla Eilegaard"]
[Black "Petrosyan, Tigran"]
[Result "1-0"]
[WhiteElo "1640"]
[BlackElo "1925"]
[PlyCount "33"]
[EventDate "2013.03.28"]
[EventType "swiss"]
[EventRounds "9"]
[EventCountry "GER"]
[SourceTitle "EXT 2015"]
[Source "ChessBase"]
[SourceDate "2014.11.20"]
[SourceVersion "1"]
[SourceVersionDate "2014.11.20"]
[SourceQuality "1"]

1. e4 e5 2. Nc3 Nc6 3. f4 exf4 4. Nf3 Nf6 5. d4 Bb4 6. Bd3 O-O 7. O-O Bxc3 8.
bxc3 d6 9. Bxf4 a6 10. Bg5 Bg4 11. h3 Bxf3 12. Rxf3 b5 13. e5 dxe5 14. Bxf6
gxf6 15. Rg3+ Kh8 16. Bxh7 Kxh7 17. Qh5# 1-0